Banky a kryptomeny

Tri oblasti úzko späté s kryptomenami: špekulatívne investovanie, blockchain a technologický pokrok. Prienik medzi svetom peňazí a kryptomenami. Aktuálne postoje starých a nových hráčov z finančného sektora a spôsoby využitia výhod vyplývajúcich zo svojich fundamentálnych prístupov.

Enregistré dans:
Détails bibliographiques
Auteur principal: Okresa, Michal
Format: Chapitre de livre
Langue:slovaque
Sujets:
Tags: Ajouter un tag
Pas de tags, Soyez le premier à ajouter un tag!

MARC

LEADER 00000naa a2200000 4500
001 0256941
005 20221104110324.1
041 0 |a slo 
044 |a CZ 
245 1 0 |a Banky a kryptomeny  |c Michal Okresa 
520 |a Tri oblasti úzko späté s kryptomenami: špekulatívne investovanie, blockchain a technologický pokrok. Prienik medzi svetom peňazí a kryptomenami. Aktuálne postoje starých a nových hráčov z finančného sektora a spôsoby využitia výhod vyplývajúcich zo svojich fundamentálnych prístupov. 
610 2 0 |a dáta 
610 2 0 |a technológie informačné 
610 2 0 |a technológie komunikačné 
610 2 0 |a technológie nové 
610 2 0 |a banky 
610 2 0 |a mena virtuálna 
610 2 0 |a inovácie technologické 
100 1 |a Okresa, Michal